Структурообразование сварных соединений в присутствии нанопорошка молибдена; Известия вузов. Физика; Т. 57, № 9-3
| Parent link: | Известия вузов. Физика=Russian Physics Journal.— , 1958-2017, 2020- Т. 57, № 9-3.— 2014.— [С. 124-128] |
|---|---|
| Korporativní autor: | |
| Další autoři: | , , , |
| Shrnutí: | Заглавие с экрана Приведены результаты экспериментальных исследований управления структурообразованием сварных соединений за счет изменения концентрации наноструктурированного порошка молибдена в защитном газе, введенных в жидкую сварочную ванну при дуговой сварке плавящимся электродом в среде аргона. Установлено, что при разной концентрации образуется различная микроструктура наплавленного металла. Режим доступа: по договору с организацией-держателем ресурса |
| Jazyk: | ruština |
| Vydáno: |
2014
|
| Témata: | |
| On-line přístup: | https://www.elibrary.ru/item.asp?id=23274347 |
| Médium: | MixedMaterials Elektronický zdroj Kapitola |
| KOHA link: | https://koha.lib.tpu.ru/cgi-bin/koha/opac-detail.pl?biblionumber=668916 |
MARC
| LEADER | 00000naa2a2200000 4500 | ||
|---|---|---|---|
| 001 | 668916 | ||
| 005 | 20250703132410.0 | ||
| 035 | |a (RuTPU)RU\TPU\network\40153 | ||
| 035 | |a RU\TPU\network\40151 | ||
| 090 | |a 668916 | ||
| 100 | |a 20230202d2014 k||y0rusy50 ca | ||
| 101 | 0 | |a rus | |
| 102 | |a RU | ||
| 135 | |a drcn ---uucaa | ||
| 181 | 0 | |a i | |
| 182 | 0 | |a b | |
| 200 | 1 | |a Структурообразование сварных соединений в присутствии нанопорошка молибдена |f М. А. Кузнецов, С. П. Журавков, Е. А. Зернин, В. И. Яворский | |
| 203 | |a Текст |c электронный | ||
| 300 | |a Заглавие с экрана | ||
| 320 | |a [Библиогр.: 10 назв.] | ||
| 330 | |a Приведены результаты экспериментальных исследований управления структурообразованием сварных соединений за счет изменения концентрации наноструктурированного порошка молибдена в защитном газе, введенных в жидкую сварочную ванну при дуговой сварке плавящимся электродом в среде аргона. Установлено, что при разной концентрации образуется различная микроструктура наплавленного металла. | ||
| 333 | |a Режим доступа: по договору с организацией-держателем ресурса | ||
| 461 | 0 | |0 (RuTPU)RU\TPU\prd\191 |t Известия вузов. Физика |l Russian Physics Journal |d 1958-2017, 2020- | |
| 463 | |t Т. 57, № 9-3 |v [С. 124-128] |d 2014 | ||
| 610 | 1 | |a электронный ресурс | |
| 610 | 1 | |a труды учёных ТПУ | |
| 610 | 1 | |a наноструктурированные порошки | |
| 610 | 1 | |a молибден | |
| 610 | 1 | |a сварочная ванна | |
| 610 | 1 | |a наплавленный металл | |
| 610 | 1 | |a микроструктура | |
| 701 | 1 | |a Кузнецов |b М. А. |c специалист в области сварочного производства |c доцент Юргинского технологического института (филиала) Томского политехнического университета, кандидат технических наук |f 1985- |g Максим Александрович |3 (RuTPU)RU\TPU\pers\29708 |9 14202 | |
| 701 | 1 | |a Журавков |b С. П. |c химик |c ведущий научный сотрудник, доцент Томского политехнического университета, кандидат химических наук |f 1961- |g Сергей Петрович |3 (RuTPU)RU\TPU\pers\28225 |9 13178 | |
| 701 | 1 | |a Зернин |b Е. А. |c специалист в области сварочного производства |c заведующий кафедрой Юргинского технологического института (филиала) Томского политехнического университета, кандидат технических наук |f 1977- |g Евгений Александрович |3 (RuTPU)RU\TPU\pers\24288 |9 10753 | |
| 701 | 1 | |a Яворский |b В. И. |c палеонтолог |c профессор |c сотрудник Геолкома |f 1874-1974 |g Василий Иванович |3 (RuTPU)RU\TPU\pers\22184 |9 9397 | |
| 712 | 0 | 2 | |a Национальный исследовательский Томский политехнический университет (ТПУ) |b Институт природных ресурсов (ИПР) |b Кафедра физической и аналитической химии (ФАХ) |3 (RuTPU)RU\TPU\col\18656 |
| 801 | 2 | |a RU |b 63413507 |c 20230202 |g RCR | |
| 850 | |a 63413507 | ||
| 856 | 4 | |u https://www.elibrary.ru/item.asp?id=23274347 |z https://www.elibrary.ru/item.asp?id=23274347 | |
| 942 | |c CF | ||